[Event "Icelandic Open 2019"]
[Site "Akureyri"]
[Date "2019.05.26"]
[Round "2.14"]
[White "Johannsson, Birkir Isak"]
[Black "Sigurdarson, Tomas Veigar"]
[Result "1/2-1/2"]
[WhiteElo "1981"]
[BlackElo "1994"]
[Annotator "NA"]
[PlyCount "143"]
[EventDate "2019.05.25"]
[EventType "swiss"]
[EventCountry "ISL"]
[SourceTitle "playchess.com"]
[Source "ChessBase"]
[SourceQuality "1"]
[TimeControl "40/5400+30:1800+30"]

1. d4 {[%emt 0:00:00]} Nf6 {[%emt 0:00:00]} 2. c4 {[%emt 0:00:00]} g6 {[%emt 0:00:00]} 3. Nc3 {[%emt 0:00:00]} Bg7 {[%emt 0:00:00]} 4. e4 {[%emt 0:00:00]} d6 {[%emt 0:00:00]} 5. h3 {[%emt 0:00:00]} O-O {[%emt 0:00:32]} 6. Nf3 {[%emt 0:00:05]} Na6 {[%emt 0:00:57]} 7. Bg5 {[%emt 0:00:56]} c5 {[%emt 0:05:06]} 8. d5 {[%emt 0:00:40]} e6 {[%emt 0:00:34]} 9. Bd3 {[%emt 0:01:50]} exd5 {[%emt 0:00:27]} 10. cxd5 {[%emt 0:00:32]} Re8 {[%emt 0:05:27] A65: Modern Benoni: 6 e4} (10... h6 11. Be3 b5 12. O-O c4 13. Bc2 b4 14. Ne2 Re8 15. Ng3 Bd7 16. Rc1 Qa5 17. Bb1 Rac8 18. Nd4 {1-0 (54) Peralta,F (2596)-Grigoryan,K (2592) Barbera del Valles 2014}) 11. O-O {[%emt 0:02:02]} Bd7 {[%emt 0:06:12]} 12. Re1 {[%emt 0:01:30]} Nc7 {[%emt 0:02:08]} 13. a4 {[%emt 0:04:33]} a6 {[%emt 0:01:13]} 14. a5 $146 {[%emt 0:00:11]} ({Predecessor:} 14. Qd2 b5 15. Qf4 b4 16. Nb1 Ncxd5 17. exd5 Rxe1+ 18. Nxe1 Nxd5 19. Qd2 Qe8 20. Nf3 Bc6 {1-0 (29) Horvath,C (2485)-Szirmai,E (2275) Kobanya 1992}) 14... Qb8 {[%emt 0:06:33]} (14... h6 $14 15. Bd2 Bb5) 15. Bf4 {[%emt 0:16:51]} Nb5 {[%emt 0:02:46]} 16. Qb3 {[%emt 0:00:50]} Nxc3 {[%emt 0:09:59]} 17. bxc3 {[%emt 0:01:38]} c4 {[%emt 0:00:27]} 18. Bxc4 {[%emt 0:06:46]} ({Avoid the trap} 18. Qxc4 $2 Bb5 $17) 18... Nxe4 {[%emt 0:00:20]} 19. Re3 {[%emt 0:19:38]} Qc7 {[%emt 0:01:34]} 20. Rae1 {[%emt 0:02:34]} f5 {[%emt 0:05:22]} 21. Ng5 {[%emt 0:05:14]} Nxg5 {[%emt 0:05:16]} 22. Rxe8+ {[%emt 0:05:03]} Bxe8 $14 {[%emt 0:01:45]} 23. Bxg5 {[%emt 0:00:08]} Bf8 {[%emt 0:14:18]} 24. Bf1 {[%emt 0:04:31]} Rc8 {[%emt 0:00:37]} 25. c4 {[%emt 0:02:22]} Bf7 {[%emt 0:01:34]} 26. Qb4 {[%emt 0:02:55]} Rb8 {[%emt 0:02:29]} 27. Rb1 {[%emt 0:00:23]} h6 {[%emt 0:01:26]} 28. Be3 {[%emt 0:00:21]} Bg7 {[%emt 0:01:02]} 29. Bb6 {[%emt 0:00:41]} Qe7 {[%emt 0:01:15]} 30. Ba7 {[%emt 0:01:32]} Re8 {[%emt 0:00:59]} 31. Qxb7 {[%emt 0:01:21]} Qe4 {[%emt 0:00:13]} 32. Qb3 {[%emt 0:03:14]} Re7 {[%emt 0:05:56]} 33. Bb6 {[%emt 0:00:46]} Be8 {[%emt 0:00:24]} 34. Qd3 {[%emt 0:00:33]} Qf4 {[%emt 0:00:54]} 35. Rd1 {[%emt 0:05:43]} Ba4 {[%emt 0:01:08]} 36. Rd2 {[%emt 0:00:34]} Re1 {[%emt 0:00:40]} 37. Re2 {[%emt 0:01:20]} Ra1 {[%emt 0:00:11]} 38. Be3 {[%emt 0:02:43]} Qh4 {[%emt 0:00:58]} 39. f4 {[%emt 0:05:05]} Qg3 {[%emt 0:01:17]} 40. Qd2 {[%emt 0:00:00]} Rd1 {[%emt 0:00:00]} 41. Qb4 {[%emt 0:12:53]} Bc2 {[%emt 0:11:46]} 42. Bf2 {[%emt 0:01:11]} Qb3 {[%emt 0:10:46]} 43. Qxb3 {[%emt 0:01:08]} Bxb3 {[%emt 0:00:05]} 44. Re1 {[%emt 0:00:57]} Rd2 {[%emt 0:02:27]} 45. Re6 {[%emt 0:04:30]} Rd1 {[%emt 0:00:21]} 46. Be1 {[%emt 0:00:28]} Bd4+ {[%emt 0:01:50]} 47. Kh2 {[%emt 0:00:55]} Kf7 {[%emt 0:00:20]} 48. g4 {[%emt 0:01:40]} fxg4 {[%emt 0:00:35]} 49. hxg4 {[%emt 0:00:34]} g5 {[%emt 0:00:19]} 50. Bg2 {[%emt 0:03:33]} gxf4 {[%emt 0:01:01]} 51. Bb4 {[%emt 0:00:24]} Bxc4 {[%emt 0:04:12]} 52. Bxd6 {[%emt 0:00:55]} Be3 {[%emt 0:04:53]} 53. Re5 {[%emt 0:01:42]} Rd2 {[%emt 0:02:50]} 54. Kh3 {[%emt 0:02:01]} Bb5 {[%emt 0:05:21]} 55. Rf5+ {[%emt 0:01:17]} Kg6 {[%emt 0:03:56]} 56. Bxf4 {[%emt 0:00:38]} Bxf4 {[%emt 0:01:36]} 57. Rxf4 {[%emt 0:00:02]} Ra2 {[%emt 0:00:49]} 58. Rd4 {[%emt 0:02:49]} Bd7 {[%emt 0:01:43]} 59. Be4+ {[%emt 0:01:01]} Kf6 {[%emt 0:00:08]} 60. Bf5 {[%emt 0:00:39]} Ke5 {[%emt 0:00:18]} 61. Rd3 {[%emt 0:01:40]} Kd6 {[%emt 0:00:04]} 62. Bxd7 {[%emt 0:00:22]} Kxd7 {[%emt 0:00:04]} 63. Kh4 {[%emt 0:00:17]} Rh2+ {[%emt 0:00:47]} 64. Kg3 {[%emt 0:01:15]} Ra2 {[%emt 0:00:04]} 65. Kf4 {[%emt 0:00:24]} Rxa5 {[%emt 0:00:17]} 66. Kf5 {[%emt 0:00:11]} Ra4 {[%emt 0:00:12]} 67. Rh3 {[%emt 0:00:33]} Rd4 {[%emt 0:00:13]} 68. Rxh6 {[%emt 0:00:59]} Rxd5+ {[%emt 0:00:05]} 69. Kf4 {[%emt 0:01:22]} Ra5 {[%emt 0:00:06]} 70. g5 {[%emt 0:00:15]} Ke7 {[%emt 0:00:06]} 71. Rh7+ {[%emt 0:00:12]} Kf8 {[%emt 0:00:07]} 72. Ra7 {[%emt 0:00:13]} 1/2-1/2

[Event "Icelandic Open 2019"]
[Site "Akureyri"]
[Date "2019.05.26"]
[Round "2.15"]
[White "Ruelland, Geoffrey"]
[Black "Barthel, Ansgar"]
[Result "1/2-1/2"]
[WhiteElo "1955"]
[BlackElo "2062"]
[Annotator "NA"]
[PlyCount "91"]
[EventDate "2019.05.25"]
[EventType "swiss"]
[EventCountry "ISL"]
[SourceTitle "playchess.com"]
[Source "ChessBase"]
[SourceQuality "1"]
[TimeControl "40/5400+30:1800+30"]

1. e4 {[%emt 0:00:00]} Nf6 {[%emt 0:00:00]} 2. e5 {[%emt 0:00:17]} Nd5 {[%emt 0:00:00]} 3. d4 {[%emt 0:00:21]} d6 {[%emt 0:00:00]} 4. c4 {[%emt 0:00:33]} Nb6 {[%emt 0:00:00]} 5. exd6 {[%emt 0:00:29]} cxd6 {[%emt 0:00:00]} 6. Nc3 {[%emt 0:00:53]} g6 {[%emt 0:00:00]} 7. Be3 {[%emt 0:00:46]} Bg7 {[%emt 0:00:03]} 8. Rc1 {[%emt 0:00:43]} O-O {[%emt 0:00:06]} 9. b3 {[%emt 0:00:27]} Bf5 {[%emt 0:00:06]} 10. Be2 {[%emt 0:02:38] B03: Alekhine's Defence: Four Pawns Attack} d5 {[%emt 0:00:18]} 11. c5 {[%emt 0:01:49]} Nc8 {[%emt 0:00:04]} 12. Nf3 {[%emt 0:01:55]} (12. Bf3 e6 13. g4 Be4 14. Nxe4 dxe4 15. Bxe4 Nc6 16. Ne2 N8e7 17. O-O Qd7 {1-0 (34) Corrales Jimenez,F (2559)-Zhao,J (2610) chess.com INT 2019}) 12... Bg4 {[%emt 0:00:42]} 13. O-O {[%emt 0:03:55]} Nc6 {[%emt 0:00:08]} 14. Qd2 $146 {[%emt 0:16:28]} ({Predecessor:} 14. h3 Bxf3 15. Bxf3 e6 16. Qd2 N8e7 {½-½ (36) Keller,H (2024)-Schrems,H (2084) Freudenstadt 2016}) 14... e6 {[%emt 0:00:13]} 15. Rfd1 {[%emt 0:02:09]} N8e7 {[%emt 0:00:07]} 16. h3 {[%emt 0:23:22]} Bxf3 $1 {[%emt 0:00:07]} 17. Bxf3 {[%emt 0:00:09]} Nf5 {[%emt 0:00:05]} 18. Ne2 $1 {[%emt 0:02:42]} Nh4 {[%emt 0:00:10]} 19. Bf4 {[%emt 0:07:05]} Nxf3+ {[%emt 0:00:26]} 20. gxf3 {[%emt 0:00:09]} Qd7 {[%emt 0:12:57]} 21. Kg2 {[%emt 0:04:51]} Rfe8 {[%emt 0:01:53]} 22. Bd6 {[%emt 0:04:15]} Ne7 {[%emt 0:03:41]} 23. Bxe7 {[%emt 0:04:37]} Rxe7 {[%emt 0:01:33]} 24. f4 {[%emt 0:00:10]} f6 {[%emt 0:02:55]} 25. Rc3 {[%emt 0:02:04]} Qc6 {[%emt 0:13:27]} 26. Kg1 $11 {[%emt 0:05:02]} Rae8 {[%emt 0:10:54]} 27. Re3 {[%emt 0:01:42]} e5 {[%emt 0:10:29]} 28. dxe5 {[%emt 0:01:17]} Qxc5 {[%emt 0:00:25]} 29. Qxd5+ {[%emt 0:00:14]} Qxd5 {[%emt 0:00:04]} 30. Rxd5 {[%emt 0:00:08]} fxe5 {[%emt 0:00:06]} 31. fxe5 {[%emt 0:01:02]} Rxe5 {[%emt 0:00:49]} 32. Rexe5 {[%emt 0:01:08]} Rxe5 {[%emt 0:00:25]} 33. Rd8+ {[%emt 0:01:48]} Kf7 {[%emt 0:00:58]} 34. Kf1 {[%emt 0:02:03]} Bf6 {[%emt 0:02:44]} 35. Rd3 {[%emt 0:00:31]} Ke8 {[%emt 0:03:27]} 36. Nf4 {[%emt 0:01:46]} Rf5 {[%emt 0:16:25]} 37. Nd5 {[%emt 0:00:33]} Bh4 {[%emt 0:00:37]} 38. f3 {[%emt 0:00:20]} Re5 {[%emt 0:02:25]} 39. Rd1 {[%emt 0:03:28]} Bd8 {[%emt 0:01:35]} 40. Kf2 {[%emt 0:00:00]} Re6 {[%emt 0:00:00]} 41. f4 {[%emt 0:03:45]} Rc6 {[%emt 0:10:24]} 42. Rd2 {[%emt 0:01:26]} Rc1 {[%emt 0:03:02]} 43. Kf3 {[%emt 0:02:37]} Rh1 {[%emt 0:01:52]} 44. Kg2 {[%emt 0:00:50]} Re1 {[%emt 0:00:41]} 45. Kf3 {[%emt 0:00:39]} Rh1 {[%emt 0:00:37]} 46. Ke4 {[%emt 0:00:12]} 1/2-1/2

[Event "Icelandic Open 2019"]
[Site "Akureyri"]
[Date "2019.05.26"]
[Round "3.1"]
[White "Sokolov, Ivan"]
[Black "Gunnarsson, Jon Viktor"]
[Result "1-0"]
[WhiteElo "2593"]
[BlackElo "2452"]
[Annotator "RC"]
[PlyCount "80"]
[EventDate "2019.05.25"]
[EventType "swiss"]
[EventCountry "ISL"]
[SourceTitle "playchess.com"]
[Source "ChessBase"]
[SourceQuality "1"]
[TimeControl "40/5400+30:1800+30"]

1. d4 {[%emt 0:04:24]} Nf6 {[%emt 0:00:00]} 2. Nf3 {[%emt 0:00:05]} g6 {[%emt 0:00:27]} 3. c4 {[%emt 0:02:47]} c5 {[%emt 0:00:33]} 4. Nc3 {[%emt 0:00:04]} cxd4 {[%emt 0:01:35]} 5. Nxd4 {[%emt 0:00:03]} Nc6 {[%emt 0:01:45]} 6. Nc2 {[%emt 0:00:02]} Bg7 {[%emt 0:02:50]} 7. e4 {[%emt 0:01:41]} O-O {[%emt 0:16:13]} 8. Be2 {[%emt 0:00:16]} d6 {[%emt 0:01:43]} 9. O-O {[%emt 0:01:27]} b6 {[%emt 0:05:00]} 10. Be3 {[%emt 0:02:29]} Bb7 {[%emt 0:06:15]} 11. Qd2 {[%emt 0:00:52]} Rc8 {[%emt 0:09:27]} 12. f3 {[%emt 0:02:34]} a6 {[%emt 0:12:28]} 13. Kh1 {[%emt 0:06:23]} Ne5 {[%emt 0:09:50]} 14. b3 {[%emt 0:01:35]} Qc7 {[%emt 0:01:42]} 15. Bd4 {[%emt 0:08:38]} Rfd8 {[%emt 0:07:17]} 16. Rac1 {[%emt 0:04:32]} e6 {[%emt 0:02:35]} 17. Rfd1 {[%emt 0:02:35]} Nc6 {[%emt 0:06:49]} 18. Be3 {[%emt 0:03:15]} Nd7 {[%emt 0:05:12]} 19. Bg5 {[%emt 0:01:04]} f6 {[%emt 0:01:39]} 20. Bh6 {[%emt 0:02:12]} Nde5 {[%emt 0:01:23]} 21. Bxg7 {[%emt 0:01:15]} Kxg7 {[%emt 0:00:37]} 22. Ne3 {[%emt 0:01:47]} Ne7 {[%emt 0:00:53]} 23. f4 {[%emt 0:06:41]} Nf7 {[%emt 0:00:25]} 24. Bf3 {[%emt 0:05:28]} Ba8 {[%emt 0:02:18]} 25. Ne2 {[%emt 0:02:38]} e5 {[%emt 0:00:46]} 26. Bg4 {[%emt 0:00:50]} Rb8 {[%emt 0:01:13]} 27. Nd5 {[%emt 0:01:28]} Nxd5 {[%emt 0:01:37]} 28. cxd5 {[%emt 0:00:03]} Qe7 {[%emt 0:00:08]} 29. Rc3 {[%emt 0:01:18]} Re8 {[%emt 0:00:56]} 30. Be6 {[%emt 0:01:24]} Nd8 {[%emt 0:00:27]} 31. f5 {[%emt 0:00:19]} Nxe6 {[%emt 0:00:41]} 32. fxe6 {[%emt 0:00:05]} Rb7 {[%emt 0:00:42]} 33. Rdc1 {[%emt 0:00:09]} b5 {[%emt 0:00:20]} 34. b4 {[%emt 0:00:53]} Ra7 {[%emt 0:00:18]} 35. Qe3 {[%emt 0:00:39]} f5 {[%emt 0:00:30]} 36. Qb6 {[%emt 0:04:06]} Rb7 {[%emt 0:00:35]} 37. Qxa6 {[%emt 0:00:02]} fxe4 {[%emt 0:00:20]} 38. Ng3 {[%emt 0:00:32]} e3 {[%emt 0:00:44]} 39. Ne4 {[%emt 0:02:56]} Rd8 {[%emt 0:00:37]} 40. Qxb7 {[%emt 0:00:00]} Qxb7 {[%emt 0:01:10]} 1-0

[Event "Icelandic Open 2019"]
[Site "Akureyri"]
[Date "2019.05.26"]
[Round "3.2"]
[White "Thorfinnsson, Bragi"]
[Black "Hillarp Persson, Tiger"]
[Result "1-0"]
[WhiteElo "2451"]
[BlackElo "2563"]
[Annotator "TA"]
[PlyCount "135"]
[EventDate "2019.05.25"]
[EventType "swiss"]
[EventCountry "ISL"]
[SourceTitle "playchess.com"]
[Source "ChessBase"]
[SourceQuality "1"]

{[%evp 9,135,21,78,77,77,68,71,66,74,43,65,68,63,58,64,70,83,70,71,69,93,84,81,76,71,81,78,60,74,72,91,72,170,166,170,162,151,187,178,172,162,177,167,158,152,172,158,148,176,129,117,93,90,76,89,54,51,35,51,8,8,8,8,8,133,127,156,156,164,177,174,173,169,152,241,229,243,229,221,221,217,103,126,106,217,210,205,87,375,237,437,437,431,431,431,431,431,431,367,300,1902,467,1316,1137,783,426,705,410,352,0,607,631,1654,1258,29969,29967,29984,29985,29985,466,465,465,5197,6103,29967,29967,29982,29983]} 1. d4 g6 2. Nc3 Bg7 3. e4 d6 4. Be2 Nf6 5. h4 h6 (5... c5 $11) 6. h5 $16 {B07: Pirc Defence: Miscellaneous Systems} (6. Be3 c6 7. a4 Nbd7 8. Qd2 e5 9. dxe5 dxe5 10. h5 g5 11. Bc4 Qe7 12. Nge2 Ng4 13. Ng3 Nxe3 14. Qxe3 {1-0 (36) Jobava,B (2669)-Mamedyarov,S (2746) Almaty 2016}) 6... g5 7. f4 gxf4 8. Bxf4 {White is better.} Nc6 9. Qd3 $146 ({Predecessor:} 9. Nf3 Bg4 10. d5 Nb8 11. Nh4 Qc8 12. e5 dxe5 13. Bxe5 Rg8 {1-0 (32) Rodriguez Vila,A (2467)-Spangenberg,H (2508) Vicente Lopez 2002}) 9... Nd7 10. Be3 e5 {[%cal Re5d4]} 11. d5 Nd4 $1 12. Nf3 a6 13. Nxd4 exd4 14. Bxd4 Bxd4 15. Qxd4 Rg8 16. O-O-O Ne5 17. Kb1 Rxg2 18. Rhg1 Rxg1 19. Rxg1 {Black must now prevent Rg8+.} Ke7 20. Nd1 $36 {[%mdl 2048] White has strong initiative.} c5 {[#]} (20... Bd7 $16 {was called for.}) 21. dxc6 $1 $18 bxc6 22. Qd2 Qh8 23. Ne3 Be6 24. Rd1 Rd8 25. Bxa6 Qf6 26. b3 Qh4 27. Nf5+ Bxf5 28. exf5 Qxh5 29. Rf1 Qh4 30. f6+ Kd7 31. Qe3 {[#] Qa7+ is the strong threat.} c5 32. Bb7 Rg8 33. Bd5 {Strongly threatening Qe2.} Rg6 34. Bxf7 (34. Rh1 $5 {[%cal Rh1h4]} Qd4 35. Qxd4 cxd4 36. Rh4 $14) 34... Rxf6 35. Rxf6 Qxf6 36. Bd5 h5 (36... Qf1+ $11 37. Qc1 Qxc1+ 38. Kxc1 Nc6) 37. Qh3+ $16 Kc7 38. Qxh5 Qf1+ 39. Kb2 Qf2 40. Qh7+ Kd8 {aiming for ...Qd4+.} 41. Qe4 Qd2 (41... Qf6 $16 42. Ka3 Qh6) 42. a3 Ke8 43. Bc6+ Ke7 44. Bb5 Ke6 45. a4 (45. Bd3 $18 {and White stays clearly on top.}) 45... d5 46. Qe2 Qf4 (46... Qd4+ $16 47. c3 Qf4) 47. Qe1 $18 Kd6 48. a5 (48. Ka2 $18 {is more deadly.}) 48... Qf6 $2 {[%mdl 8192]} (48... Qb4 $16 49. Qf1 Kc7) 49. Qc3 d4 $2 (49... Ng4 {might work better.} 50. Qxf6+ Nxf6) 50. Qg3 Kc7 51. Kb1 Qe7 52. Ka2 Kb7 53. Qg2+ Ka7 54. Qd5 Ng4 $2 (54... Qc7 55. Kb2 Nf7) 55. Bd3 (55. Qc6 $142 {White threatens Qb6+ and mate.} Ne5 56. Qb6+ Ka8 57. Bf1) 55... Ne3 (55... Ne5 $142 56. Bb5 Kb8) 56. Qc6 {White wants to mate with Qb6+.} Nd1 57. Qb6+ Ka8 58. Qa6+ Kb8 59. Qb6+ $2 (59. b4) 59... Ka8 60. Bf1 {Threatening mate with Bg2+.} Nc3+ 61. Kb2 Qg5 62. Qc6+ Ka7 63. Qd7+ Kb8 64. Qd6+ (64. a6 $142 Nd1+ 65. Ka3 Qc1+ 66. Ka4 Nc3+ {[%mdl 64] Discovered Attack} 67. Ka5 Qa3+ 68. Kb6 Qb4+ 69. Bb5 Qxb5+ 70. Qxb5 Nxb5 71. Kxb5) 64... Ka7 {intending ...Nd1+.} 65. b4 Nd1+ (65... Qd5 $142 66. Qxd5 Nxd5 67. bxc5 Nc7) 66. Kb3 Qe3+ 67. Bd3 cxb4 68. a6 {Accuracy: White = 69%, Black = 43%.} 1-0

[Event "Icelandic Open 2019"]
[Site "Akureyri"]
[Date "2019.05.26"]
[Round "3.3"]
[White "Stefansson, Hannes"]
[Black "Thorfinnsson, Bjorn"]
[Result "0-1"]
[WhiteElo "2561"]
[BlackElo "2389"]
[Annotator "ChessBase"]
[PlyCount "58"]
[EventDate "2019.05.25"]
[EventType "swiss"]
[EventCountry "ISL"]
[SourceTitle "playchess.com"]
[Source "ChessBase"]
[SourceQuality "1"]
[TimeControl "40/5400+30:1800+30"]

1. e4 {[%emt 0:00:00]} e5 {[%emt 0:00:00]} 2. Nf3 {[%emt 0:00:00]} Nc6 {[%emt 0:00:00]} 3. Bb5 {[%emt 0:00:08]} a6 {[%emt 0:00:10]} 4. Ba4 {[%emt 0:00:12]} Nf6 {[%emt 0:00:10]} 5. O-O {[%emt 0:00:21]} b5 {[%emt 0:00:08]} 6. Bb3 {[%emt 0:00:10]} Bc5 {[%emt 0:00:06]} 7. a4 {[%emt 0:06:31]} Rb8 {[%emt 0:01:09]} 8. Nxe5 {[%emt 0:07:08]} Nxe5 {[%emt 0:00:24]} 9. d4 {[%emt 0:00:04]} Bxd4 {[%emt 0:00:30]} 10. Qxd4 {[%emt 0:00:07]} d6 {[%emt 0:00:07]} 11. f3 {[%emt 0:00:10]} O-O {[%emt 0:00:49]} 12. axb5 {[%emt 0:03:33]} axb5 {[%emt 0:00:13]} 13. Rd1 {[%emt 0:03:36]} Be6 {[%emt 0:02:55]} 14. Bg5 {[%emt 0:01:12]} h6 {[%emt 0:03:13]} 15. Bh4 {[%emt 0:00:29]} c5 {[%emt 0:21:33]} 16. Qf2 {[%emt 0:09:48]} c4 {[%emt 0:05:12]} 17. Ba2 {[%emt 0:00:05]} Ra8 {[%emt 0:03:29]} 18. c3 {[%emt 0:08:11]} Nd3 {[%emt 0:03:03]} 19. Qe2 {[%emt 0:01:53]} Qb8 {[%emt 0:14:40]} 20. Bf2 {[%emt 0:07:18]} d5 {[%emt 0:01:00]} 21. exd5 {[%emt 0:12:19]} Nxd5 {[%emt 0:00:24]} 22. g3 {[%emt 0:04:29]} Re8 {[%emt 0:00:34]} 23. Na3 {[%emt 0:02:22]} Bg4 {[%emt 0:06:35]} 24. Qf1 {[%emt 0:02:18]} Bxf3 {[%emt 0:02:08]} 25. Rxd3 {[%emt 0:00:16]} cxd3 {[%emt 0:00:03]} 26. Qxd3 {[%emt 0:00:27]} Be4 {[%emt 0:00:13]} 27. Qf1 {[%emt 0:09:16]} b4 {[%emt 0:01:54]} 28. cxb4 {[%emt 0:03:14]} Qxb4 {[%emt 0:00:06]} 29. Qc1 {[%emt 0:04:08]} Rec8 {[%emt 0:00:59]} 0-1

[Event "Icelandic Open 2019"]
[Site "Akureyri"]
[Date "2019.05.26"]
[Round "3.4"]
[White "Gislason, Gudmundur"]
[Black "Steingrimsson, Hedinn"]
[Result "1-0"]
[WhiteElo "2288"]
[BlackElo "2549"]
[Annotator "RC"]
[PlyCount "83"]
[EventDate "2019.05.25"]
[EventType "swiss"]
[EventCountry "ISL"]
[SourceTitle "playchess.com"]
[Source "ChessBase"]
[SourceQuality "1"]
[TimeControl "40/5400+30:1800+30"]

1. Nf3 {[%emt 0:00:00]} d5 {[%emt 0:03:31]} 2. g3 {[%emt 0:00:00]} Nf6 {[%emt 0:00:25]} 3. Bg2 {[%emt 0:00:00]} Bf5 {[%emt 0:00:14]} 4. d3 {[%emt 0:00:31]} e6 {[%emt 0:00:32]} 5. h3 {[%emt 0:01:00]} h6 {[%emt 0:00:17]} 6. Nbd2 {[%emt 0:05:36]} Be7 {[%emt 0:04:51]} 7. O-O {[%emt 0:02:09]} Bh7 {[%emt 0:01:32]} 8. c4 {[%emt 0:04:23]} c6 {[%emt 0:07:53]} 9. cxd5 {[%emt 0:04:43]} exd5 {[%emt 0:03:06]} 10. Nb3 {[%emt 0:00:18]} O-O {[%emt 0:04:42]} 11. Bd2 {[%emt 0:02:35]} a5 {[%emt 0:06:09]} 12. a4 {[%emt 0:06:39]} Re8 {[%emt 0:06:14]} 13. Rc1 {[%emt 0:09:54]} Bb4 {[%emt 0:03:52]} 14. Nfd4 {[%emt 0:09:05]} Ra7 {[%emt 0:12:36]} 15. g4 {[%emt 0:04:40]} Qd6 {[%emt 0:13:13]} 16. f4 {[%emt 0:09:58]} b6 {[%emt 0:01:22]} 17. Kh1 {[%emt 0:08:13]} Rae7 {[%emt 0:02:43]} 18. Rf2 {[%emt 0:10:27]} c5 {[%emt 0:00:27]} 19. Nb5 {[%emt 0:01:54]} Qd7 {[%emt 0:00:04]} 20. f5 {[%emt 0:02:44]} Bxd2 {[%emt 0:09:29]} 21. Nxd2 {[%emt 0:00:31]} d4 {[%emt 0:02:40]} 22. Nc4 {[%emt 0:08:55]} Nd5 {[%emt 0:02:01]} 23. Nbd6 {[%emt 0:03:28]} Ne3 {[%emt 0:00:53]} 24. Qb3 {[%emt 0:00:37]} Nxg2 {[%emt 0:07:56]} 25. Nxe8 {[%emt 0:00:11]} Nh4 {[%emt 0:00:13]} 26. Ned6 {[%emt 0:00:30]} Qc6+ {[%emt 0:00:01]} 27. Ne4 {[%emt 0:00:42]} Nd7 {[%emt 0:01:14]} 28. Qb5 {[%emt 0:00:40]} Qc7 {[%emt 0:00:26]} 29. Ncd6 {[%emt 0:00:55]} Kh8 {[%emt 0:00:25]} 30. Qc4 {[%emt 0:00:42]} Bg8 {[%emt 0:00:16]} 31. Qxd4 {[%emt 0:00:32]} f6 {[%emt 0:00:13]} 32. Nb5 {[%emt 0:01:26]} Qb7 {[%emt 0:00:56]} 33. Qe3 {[%emt 0:00:10]} c4 {[%emt 0:04:20]} 34. Nbd6 {[%emt 0:01:01]} Qc6 {[%emt 0:00:14]} 35. Qg3 {[%emt 0:00:45]} Nc5 {[%emt 0:01:02]} 36. Kh2 {[%emt 0:00:40]} Nxe4 {[%emt 0:01:04]} 37. Nxe4 {[%emt 0:00:08]} Rxe4 {[%emt 0:00:07]} 38. dxe4 {[%emt 0:00:13]} Qxe4 {[%emt 0:00:03]} 39. Qxh4 {[%emt 0:00:28]} Qe3 {[%emt 0:01:20]} 40. Rd1 {[%emt 0:00:00]} Qe5+ {[%emt 0:00:00]} 41. Qg3 {[%emt 0:00:57]} Qxb2 {[%emt 0:00:40]} 42. Rd8 {[%emt 0:00:14]} 1-0

[Event "Icelandic Open 2019"]
[Site "Akureyri"]
[Date "2019.05.26"]
[Round "3.5"]
[White "Thorhallsson, Throstur"]
[Black "Kristjansson, Olafur"]
[Result "1-0"]
[WhiteElo "2435"]
[BlackElo "2069"]
[Annotator "TA"]
[PlyCount "54"]
[EventDate "2019.05.25"]
[EventType "swiss"]
[EventCountry "ISL"]
[SourceTitle "playchess.com"]
[Source "ChessBase"]
[SourceQuality "1"]

{[%evp 14,54,85,83,87,86,86,86,97,45,41,46,59,61,75,78,81,77,106,99,95,96,94,41,112,129,121,114,117,126,170,168,181,171,177,179,168,150,427,298,484,479,439]} 1. e4 c5 2. Nf3 Nc6 3. c3 d6 4. d4 Nf6 5. d5 Nb8 6. Bd3 g6 7. h3 Bg7 8. O-O O-O {B07: Pirc Defence: Miscellaneous Systems} 9. Re1 (9. c4 e5 10. Nc3 Nh5 11. a3 Nd7 12. b4 Nf4 13. Rb1 h6 14. Bc2 b6 15. Nb5 Nf6 16. Bxf4 exf4 17. bxc5 bxc5 {0-1 (82) Kulaots,K (2574)-Mamedov,R (2650) Minsk 2015}) 9... Nbd7 10. c4 Ne5 $146 {White is better.} ({Predecessor:} 10... b5 11. cxb5 a6 12. Nc3 axb5 13. Bxb5 Ba6 14. Bc6 Rb8 15. Rb1 Qc7 16. Qa4 {½-½ (65) Kettler,B (2278)-Schlein,J (2103) Germany 2007}) 11. Bf1 (11. Nxe5 $16 {Threatens to win with Nf3.} dxe5 12. Nc3) 11... Nxf3+ $14 12. Qxf3 Ne8 13. Nc3 Nc7 14. Bg5 h6 15. Bh4 g5 16. Bg3 e5 17. dxe6 Nxe6 18. Nb5 (18. Rad1 $16) 18... Be5 ({Black should play} 18... Bxb2 $14 19. Rad1 Qf6) 19. Bxe5 $16 dxe5 {[#]} 20. Qf5 $1 a6 21. Nc3 Nd4 22. Qxe5 b6 23. Rad1 Bxh3 24. Nd5 {[#] Strongly threatening Rxd4.} f6 25. Qh2 Bg4 $2 (25... Be6 $16 26. Nc7 (26. Qxh6 Ra7 $14) 26... Bg4) 26. f3 Bc8 $2 (26... Be6 27. Nc7 (27. Qxh6 Ra7 $16) 27... Qb8 28. Rxd4 {[%mdl 64] Remove Defender} (28. Nxa8 Qxh2+ 29. Kxh2 Rxa8 $18) 28... cxd4 29. Nxe6 Qxh2+ 30. Kxh2 Rf7 31. Nxd4 Rd8) 27. Qxh6 $18 Ra7 {Accuracy: White = 77%, Black = 31%.} 1-0